<?xml version="1.0" encoding="UTF-8"?>
<record
    xmlns:xsi="http://www.w3.org/2001/XMLSchema-instance"
    xsi:schemaLocation="http://www.loc.gov/MARC21/slim http://www.loc.gov/standards/marcxml/schema/MARC21slim.xsd"
    xmlns="http://www.loc.gov/MARC21/slim">

  <leader>00682nam a22001337a 4500</leader>
  <datafield tag="040" ind1=" " ind2=" ">
    <subfield code="c">RUA</subfield>
  </datafield>
  <datafield tag="082" ind1=" " ind2=" ">
    <subfield code="a">ATM NGO 2011 B198 Or.1</subfield>
  </datafield>
  <datafield tag="100" ind1=" " ind2=" ">
    <subfield code="a">NGOUN, MARINAT</subfield>
  </datafield>
  <datafield tag="245" ind1=" " ind2=" ">
    <subfield code="a">Women's participation in household economic development in takeo province's tramkok district, &#x1780;&#x17B6;&#x179A;&#x1785;&#x17BC;&#x179B;&#x179A;&#x17BD;&#x1798;&#x179A;&#x1794;&#x179F;&#x17CB;&#x179F;&#x17D2;&#x179A;&#x17B8;&#x17D2;&#x178F;&#x1780;&#x17D2;&#x1793;&#x17BB;&#x1784;&#x1780;&#x17B6;&#x179A;&#x179B;&#x17BE;&#x1780;&#x179F;&#x17D2;&#x1791;&#x17BD;&#x1799;&#x179F;&#x17C1;&#x178A;&#x17D2;&#x178B;&#x1780;&#x17B7;&#x1785;&#x17D2;&#x1785;&#x1782;&#x17D2;&#x179A;&#x17BD;&#x179F;&#x17B6;&#x179A;&#x1793;&#x17C5;&#x179F;&#x17D2;&#x179A;&#x17BB;&#x1780;&#x178F;&#x17D2;&#x179A;&#x17B6;&#x17C6;&#x1780;&#x1780;&#x17CB; &#x1781;&#x17C1;&#x178F;&#x17D2;&#x178F;&#x178F;&#x17B6;&#x1780;&#x17C2;&#x179C;</subfield>
  </datafield>
  <datafield tag="260" ind1=" " ind2=" ">
    <subfield code="a">Phnom Penh</subfield>
    <subfield code="b">RUA</subfield>
    <subfield code="c">2011</subfield>
  </datafield>
  <datafield tag="300" ind1=" " ind2=" ">
    <subfield code="a">xii, 54p.</subfield>
    <subfield code="b">ill.</subfield>
    <subfield code="c">29cm.</subfield>
  </datafield>
  <datafield tag="856" ind1=" " ind2=" ">
    <subfield code="u">https://drive.google.com/file/d/1m-yJ5d5mv9v1Mx4mLpc24prHZ5uSkXLu/view?usp=sharing</subfield>
  </datafield>
  <datafield tag="942" ind1=" " ind2=" ">
    <subfield code="c">ATM</subfield>
  </datafield>
  <datafield tag="999" ind1=" " ind2=" ">
    <subfield code="c">4276</subfield>
    <subfield code="d">4276</subfield>
  </datafield>
  <datafield tag="952" ind1=" " ind2=" ">
    <subfield code="0">0</subfield>
    <subfield code="1">0</subfield>
    <subfield code="2">ddc</subfield>
    <subfield code="4">0</subfield>
    <subfield code="6">ATM_NGO_2011_000000000000000_B198_OR_1</subfield>
    <subfield code="7">0</subfield>
    <subfield code="9">21612</subfield>
    <subfield code="a">LBB</subfield>
    <subfield code="b">LBB</subfield>
    <subfield code="d">2015-12-09</subfield>
    <subfield code="l">1</subfield>
    <subfield code="o">ATM NGO 2011 B198 Or.1</subfield>
    <subfield code="p">RUA037925</subfield>
    <subfield code="r">2022-01-14</subfield>
    <subfield code="s">2021-12-29</subfield>
    <subfield code="w">2015-12-09</subfield>
    <subfield code="y">ATM</subfield>
  </datafield>
  <datafield tag="952" ind1=" " ind2=" ">
    <subfield code="0">0</subfield>
    <subfield code="1">0</subfield>
    <subfield code="2">ddc</subfield>
    <subfield code="4">0</subfield>
    <subfield code="6">ATM_NGO_2011_000000000000000_B198_OR_2</subfield>
    <subfield code="7">0</subfield>
    <subfield code="9">21613</subfield>
    <subfield code="a">LBB</subfield>
    <subfield code="b">LBB</subfield>
    <subfield code="d">2015-12-09</subfield>
    <subfield code="l">2</subfield>
    <subfield code="o">ATM NGO 2011 B198 Or.2</subfield>
    <subfield code="p">RUA039095</subfield>
    <subfield code="r">2016-07-09</subfield>
    <subfield code="s">2016-06-05</subfield>
    <subfield code="w">2015-12-09</subfield>
    <subfield code="y">ATM</subfield>
  </datafield>
  <datafield tag="952" ind1=" " ind2=" ">
    <subfield code="0">0</subfield>
    <subfield code="1">0</subfield>
    <subfield code="2">ddc</subfield>
    <subfield code="4">0</subfield>
    <subfield code="6">ATM_NGO_2011_000000000000000_B198_OR_3</subfield>
    <subfield code="7">0</subfield>
    <subfield code="9">21614</subfield>
    <subfield code="a">LBB</subfield>
    <subfield code="b">LBB</subfield>
    <subfield code="d">2015-12-09</subfield>
    <subfield code="o">ATM NGO 2011 B198 Or.3</subfield>
    <subfield code="p">RUA038129</subfield>
    <subfield code="r">2015-12-09</subfield>
    <subfield code="w">2015-12-09</subfield>
    <subfield code="y">ATM</subfield>
  </datafield>
  <datafield tag="952" ind1=" " ind2=" ">
    <subfield code="0">0</subfield>
    <subfield code="1">0</subfield>
    <subfield code="2">ddc</subfield>
    <subfield code="4">0</subfield>
    <subfield code="6">ATM_NGO_2011_000000000000000_B198_OR_4</subfield>
    <subfield code="7">0</subfield>
    <subfield code="9">21615</subfield>
    <subfield code="a">LBB</subfield>
    <subfield code="b">LBB</subfield>
    <subfield code="d">2015-12-09</subfield>
    <subfield code="o">ATM NGO 2011 B198 Or.4</subfield>
    <subfield code="p">RUA038440</subfield>
    <subfield code="r">2015-12-09</subfield>
    <subfield code="w">2015-12-09</subfield>
    <subfield code="y">ATM</subfield>
  </datafield>
  <datafield tag="952" ind1=" " ind2=" ">
    <subfield code="0">0</subfield>
    <subfield code="1">0</subfield>
    <subfield code="2">ddc</subfield>
    <subfield code="4">0</subfield>
    <subfield code="6">ATM_NGO_2011_000000000000000_B198_OR_5</subfield>
    <subfield code="7">0</subfield>
    <subfield code="9">21616</subfield>
    <subfield code="a">LBB</subfield>
    <subfield code="b">LBB</subfield>
    <subfield code="d">2015-12-09</subfield>
    <subfield code="l">1</subfield>
    <subfield code="o">ATM NGO 2011 B198 Or.5</subfield>
    <subfield code="p">RUA41515</subfield>
    <subfield code="r">2022-02-18</subfield>
    <subfield code="s">2022-02-07</subfield>
    <subfield code="w">2015-12-09</subfield>
    <subfield code="y">ATM</subfield>
  </datafield>
  <datafield tag="952" ind1=" " ind2=" ">
    <subfield code="0">0</subfield>
    <subfield code="1">0</subfield>
    <subfield code="2">ddc</subfield>
    <subfield code="4">0</subfield>
    <subfield code="6">ATM_NGO_2011_000000000000000_B198_OR_6</subfield>
    <subfield code="7">0</subfield>
    <subfield code="9">21617</subfield>
    <subfield code="a">LBB</subfield>
    <subfield code="b">LBB</subfield>
    <subfield code="d">2015-12-09</subfield>
    <subfield code="o">ATM NGO 2011 B198 Or.6</subfield>
    <subfield code="p">RUA045232</subfield>
    <subfield code="r">2015-12-09</subfield>
    <subfield code="w">2015-12-09</subfield>
    <subfield code="y">ATM</subfield>
  </datafield>
  <datafield tag="952" ind1=" " ind2=" ">
    <subfield code="0">0</subfield>
    <subfield code="1">0</subfield>
    <subfield code="2">ddc</subfield>
    <subfield code="4">0</subfield>
    <subfield code="6">ATM_NGO_2011_000000000000000_B198_OR_7</subfield>
    <subfield code="7">0</subfield>
    <subfield code="9">21618</subfield>
    <subfield code="a">LBB</subfield>
    <subfield code="b">LBB</subfield>
    <subfield code="d">2015-12-09</subfield>
    <subfield code="l">3</subfield>
    <subfield code="o">ATM NGO 2011 B198 Or.7</subfield>
    <subfield code="p">RUA046317</subfield>
    <subfield code="r">2018-12-14</subfield>
    <subfield code="s">2018-12-01</subfield>
    <subfield code="w">2015-12-09</subfield>
    <subfield code="y">ATM</subfield>
  </datafield>
  <datafield tag="952" ind1=" " ind2=" ">
    <subfield code="0">0</subfield>
    <subfield code="1">0</subfield>
    <subfield code="2">ddc</subfield>
    <subfield code="4">0</subfield>
    <subfield code="6">ATM_NGO_2011_000000000000000_B198_OR_8</subfield>
    <subfield code="7">0</subfield>
    <subfield code="9">21619</subfield>
    <subfield code="a">LBB</subfield>
    <subfield code="b">LBB</subfield>
    <subfield code="d">2015-12-09</subfield>
    <subfield code="l">1</subfield>
    <subfield code="o">ATM NGO 2011 B198 Or.8</subfield>
    <subfield code="p">RUA046257</subfield>
    <subfield code="r">2016-09-27</subfield>
    <subfield code="s">2016-09-13</subfield>
    <subfield code="w">2015-12-09</subfield>
    <subfield code="y">ATM</subfield>
  </datafield>
</record>
